000 00686nam a2200277 a 4500
003 AR-BaBNM
005 20251128205206.0
008 082120s2002 ||||||||||||||000 | spa||
020 _a950-21-0925-2
040 _cAR-BaBNM
100 1 _aFinkel, Berta
245 0 0 _aPolvo de tiza
250 _a1ª ed.
260 _aBuenos Aires
_bPlus Ultra
_c1987
300 _a130 p.
_bil.
490 0 _aLiteratura juvenil
_vv. 6
650 4 _aLITERATURA ARGENTINA
650 4 _aHISTORIAS DE AMOR
650 4 _aLITERATURA INFANTIL
650 4 _aLIBROS PARA NIÑOS
650 4 _aCUENTOS DE AVENTURAS
653 _aNARRATIVA
655 _aLITERATURA
942 _cBK
998 _cisola
999 _c10384
_d10384